Géographie de A à Z - Statistiques

Statistiques générales
  • Ce quiz a été pris 809 fois
  • Le résultat moyen est 13 sur 26
Statistiques - réponses
Réponse % Correct
Jaune
93%
Ecosse
88%
Géorgie
86%
Bretagne
83%
Fidji
81%
Utah
77%
Afghanistan
70%
Indianapolis
65%
Yonne
63%
Quito
62%
Saint-Nazaire
55%
Denver
54%
Tasman
50%
Kiribati
49%
Xérès
49%
Managua
48%
Noirmoutier
48%
Ceylan
45%
Zambèze
41%
Péloponnèse
35%
Haute-Volta
30%
Orange
22%
Rif
22%
Lofoten
14%
Vallée d'Aoste
14%
Willemstad
8%
Aucun quiz correspondant
Distribution des résultats
% des personnes avec chaque résultat
Percentile par nombre de réponses
Votre historique - résultats
Vous n’avez pas pris ce quiz